[Event "Cuiaba Contaud op"]
[Site "Cuiaba"]
[Date "2014.05.02"]
[Round "3"]
[White "Mekhitarian, Krikor Sevag"]
[Black "Santos, Marcus Vinicius M"]
[Result "1-0"]
[WhiteElo "2562"]
[BlackElo "2317"]
[PlyCount "93"]
[EventDate "2014.05.01"]
[EventType "swiss"]
[EventRounds "6"]
[EventCountry "BRA"]
[SourceTitle "CBM 160 Extra"]
[Source "ChessBase"]
[SourceDate "2014.07.01"]
[SourceVersion "1"]
[SourceVersionDate "2014.07.01"]
[SourceQuality "1"]

1. e4 c5 2. Nf3 d6 3. d4 cxd4 4. Nxd4 Nf6 5. Nc3 g6 6. Be3 Bg7 7. f3 O-O 8. Qd2
Nc6 9. Bc4 Bd7 10. O-O-O Ne5 11. Bb3 Qa5 12. g4 Rfc8 13. h4 Rc4 14. g5 Nh5 15.
Nd5 Qxd2+ 16. Rxd2 e6 17. Nc3 Rc5 18. Rhd1 Nc4 19. Bxc4 Rxc4 20. Ndb5 Bxb5 21.
Nxb5 Rb4 22. Nc3 Be5 23. a3 Rc4 24. Nb5 a6 25. Nxd6 Rc7 26. a4 b5 27. a5 Bg3
28. Kb1 Bxh4 29. Nxb5 Rcc8 30. Na7 Re8 31. Rd7 e5 32. Nc6 Nf4 33. Nxe5 Rxe5 34.
Bxf4 Rxa5 35. R1d5 Rxd5 36. exd5 f6 37. gxf6 Bxf6 38. c4 Rc8 39. Bc7 Re8 40. c5
Re2 41. c6 Rxb2+ 42. Kc1 Rb3 43. Bh2 Rxf3 44. c7 Bg5+ 45. Kc2 Rf8 46. Be5 Rc8
47. Rg7+ 1-0

[Event "Cuiaba Contaud op"]
[Site "Cuiaba"]
[Date "2014.05.03"]
[Round "4"]
[White "Matsuura, Everaldo"]
[Black "Mekhitarian, Krikor Sevag"]
[Result "1/2-1/2"]
[WhiteElo "2460"]
[BlackElo "2562"]
[PlyCount "75"]
[EventDate "2014.05.01"]
[EventType "swiss"]
[EventRounds "6"]
[EventCountry "BRA"]
[SourceTitle "CBM 160 Extra"]
[Source "ChessBase"]
[SourceDate "2014.07.01"]
[SourceVersion "1"]
[SourceVersionDate "2014.07.01"]
[SourceQuality "1"]

1. d4 Nf6 2. c4 g6 3. Nc3 d5 4. cxd5 Nxd5 5. e4 Nxc3 6. bxc3 Bg7 7. Be3 c5 8.
Qd2 O-O 9. Rc1 Qa5 10. Nf3 Bg4 11. d5 Bxf3 12. gxf3 Nd7 13. f4 c4 14. Bd4 Bxd4
15. Qxd4 b5 16. Bh3 Qa3 17. O-O Nc5 18. e5 Nd3 19. Rb1 a6 20. Rfd1 Rad8 21. Bf1
Nc5 22. Rbc1 Na4 23. Rc2 Qc5 24. Bh3 Qxd4 25. Rxd4 Nb6 26. Rcd2 Na4 27. Rc2 f5
28. Bg2 Kg7 29. Bf3 Rd7 30. Kg2 Rfd8 31. Kg3 Nb6 32. Rcd2 Na4 33. Rc2 Rc7 34.
h4 h5 35. Bg2 Rcd7 36. Bf3 Rc7 37. Kg2 Rcd7 38. Kh1 1/2-1/2

[Event "Cuiaba Contaud op"]
[Site "Cuiaba"]
[Date "2014.05.03"]
[Round "5"]
[White "Stamenkovic, Dragan"]
[Black "Mekhitarian, Krikor Sevag"]
[Result "1/2-1/2"]
[WhiteElo "2401"]
[BlackElo "2562"]
[PlyCount "52"]
[EventDate "2014.05.01"]
[EventType "swiss"]
[EventRounds "6"]
[EventCountry "BRA"]
[SourceTitle "CBM 160 Extra"]
[Source "ChessBase"]
[SourceDate "2014.07.01"]
[SourceVersion "1"]
[SourceVersionDate "2014.07.01"]
[SourceQuality "1"]

1. d4 Nf6 2. Bg5 Ne4 3. Bf4 d5 4. e3 c5 5. Bd3 g6 6. Nd2 Nxd2 7. Qxd2 cxd4 8.
exd4 Nc6 9. c3 Bg7 10. Bh6 O-O 11. Bxg7 Kxg7 12. f4 f6 13. Nf3 e5 14. fxe5 fxe5
15. dxe5 Bg4 16. O-O Bxf3 17. Rxf3 Rxf3 18. gxf3 Nxe5 19. Be2 Qb6+ 20. Kg2 Re8
21. Rd1 Nc6 22. f4 Re3 23. Bf3 Ne7 24. Qd4+ Qxd4 25. Rxd4 Nf5 26. Rxd5 Nh4+
1/2-1/2

[Event "Cuiaba Contaud op"]
[Site "Cuiaba"]
[Date "2014.05.04"]
[Round "6"]
[White "Mekhitarian, Krikor Sevag"]
[Black "Proudian, Armen"]
[Result "1-0"]
[WhiteElo "2562"]
[BlackElo "2299"]
[PlyCount "75"]
[EventDate "2014.05.01"]
[EventType "swiss"]
[EventRounds "6"]
[EventCountry "BRA"]
[SourceTitle "CBM 160 Extra"]
[Source "ChessBase"]
[SourceDate "2014.07.01"]
[SourceVersion "1"]
[SourceVersionDate "2014.07.01"]
[SourceQuality "1"]

1. Nf3 Nf6 2. d4 e6 3. c4 d5 4. Nc3 Bb4 5. cxd5 exd5 6. Bg5 Nbd7 7. e3 h6 8.
Bh4 g5 9. Bg3 Ne4 10. Nd2 Nxg3 11. hxg3 Nb6 12. Qb3 Bd6 13. Bd3 Be6 14. O-O-O
Qd7 15. Kb1 a6 16. Rc1 Be7 17. f4 Bf5 18. Bxf5 Qxf5+ 19. e4 dxe4 20. Ncxe4 Rc8
21. fxg5 Bxg5 22. Rc5 Qg6 23. Rxg5 hxg5 24. Rxh8+ Kd7 25. Rxc8 Kxc8 26. g4 Kb8
27. Qf3 Nd5 28. a3 Kc8 29. Qf5+ Qxf5 30. gxf5 Ne3 31. Nxg5 f6 32. Nge4 Nxg2 33.
Nf3 Ne3 34. Nh4 Nd5 35. Kc2 Kd7 36. Ng2 b6 37. Kd3 Ke7 38. Nc3 1-0

[Event "Fortaleza Alves Memorial 19th"]
[Site "Fortaleza"]
[Date "2014.05.16"]
[Round "1"]
[White "Mateus, Janete de Alcantara"]
[Black "Mekhitarian, Krikor Sevag"]
[Result "0-1"]
[WhiteElo "1909"]
[BlackElo "2562"]
[PlyCount "68"]
[EventDate "2014.05.16"]
[EventType "swiss"]
[EventRounds "6"]
[EventCountry "BRA"]
[SourceTitle "CBM 160 Extra"]
[Source "ChessBase"]
[SourceDate "2014.07.01"]
[SourceVersion "1"]
[SourceVersionDate "2014.07.01"]
[SourceQuality "1"]

1. d4 Nf6 2. Nf3 g6 3. g3 Bg7 4. Bg2 O-O 5. O-O d5 6. Bf4 c5 7. c3 Nc6 8. Re1
b6 9. Na3 Bb7 10. Nc2 Ne4 11. Rc1 Na5 12. Na3 Rc8 13. Ne5 f6 14. Ng4 h5 15. f3
hxg4 16. fxe4 dxe4 17. Be3 f5 18. b4 cxb4 19. cxb4 Nc6 20. Qb3+ Kh7 21. d5 Nd4
22. Rxc8 Qxc8 23. Bxd4 Bxd4+ 24. e3 Qc3 25. Nc2 Qxb3 26. axb3 Bc3 27. Rd1 Rd8
28. Bf1 Rxd5 29. Rxd5 Bxd5 30. Bc4 e6 31. b5 Kg7 32. Kf2 Kf6 33. Na3 Ke7 34.
Nc2 Kd6 0-1

[Event "Fortaleza Alves Memorial 19th"]
[Site "Fortaleza"]
[Date "2014.05.16"]
[Round "2"]
[White "Mekhitarian, Krikor Sevag"]
[Black "Lemos, Dawton Almino"]
[Result "1-0"]
[WhiteElo "2562"]
[BlackElo "2086"]
[PlyCount "77"]
[EventDate "2014.05.16"]
[EventType "swiss"]
[EventRounds "6"]
[EventCountry "BRA"]
[SourceTitle "CBM 160 Extra"]
[Source "ChessBase"]
[SourceDate "2014.07.01"]
[SourceVersion "1"]
[SourceVersionDate "2014.07.01"]
[SourceQuality "1"]

1. e4 c5 2. Nf3 d6 3. Bb5+ Bd7 4. Bxd7+ Qxd7 5. O-O Nc6 6. Qe2 Nf6 7. Rd1 e6 8.
d4 cxd4 9. Nxd4 Nxd4 10. Rxd4 Qc7 11. Nc3 a6 12. Bf4 Be7 13. Rad1 e5 14. Rc4
Qb6 15. Bg5 O-O 16. Bxf6 Bxf6 17. b3 Rfc8 18. Nd5 Qd8 19. c3 Rc6 20. Nb4 Rcc8
21. Rxc8 Rxc8 22. Nd5 Bg5 23. g3 g6 24. h4 Bf6 25. Qg4 Rc6 26. h5 Bg7 27. Kg2
Kf8 28. Rh1 Rc8 29. Rh4 b5 30. hxg6 hxg6 31. Qh3 f6 32. Qe6 Rc6 33. Rh7 b4 34.
cxb4 Rc2 35. a4 Re2 36. b5 axb5 37. axb5 Rxe4 38. b6 Rd4 39. b7 1-0

[Event "Fortaleza Alves Memorial 19th"]
[Site "Fortaleza"]
[Date "2014.05.17"]
[Round "3"]
[White "Barata, Adriano Albiani"]
[Black "Mekhitarian, Krikor Sevag"]
[Result "1/2-1/2"]
[WhiteElo "2157"]
[BlackElo "2562"]
[PlyCount "154"]
[EventDate "2014.05.16"]
[EventType "swiss"]
[EventRounds "6"]
[EventCountry "BRA"]
[SourceTitle "CBM 160 Extra"]
[Source "ChessBase"]
[SourceDate "2014.07.01"]
[SourceVersion "1"]
[SourceVersionDate "2014.07.01"]
[SourceQuality "1"]

1. Nf3 d5 2. g3 g6 3. Bg2 Bg7 4. O-O e5 5. d3 Ne7 6. Nbd2 O-O 7. e4 Nbc6 8. Re1
h6 9. exd5 Nxd5 10. Nc4 Re8 11. a4 Bf5 12. Nfd2 Ndb4 13. Ne4 a5 14. Bd2 b6 15.
Bc3 Qd7 16. Ned2 Rad8 17. b3 Bg4 18. Qc1 Bh3 19. Bh1 Nd4 20. Bxd4 exd4 21. Nf3
Rxe1+ 22. Nxe1 Re8 23. Qd2 Nd5 24. Nf3 Nb4 25. Re1 Rxe1+ 26. Nxe1 Qe7 27. Bg2
Be6 28. h3 Qc5 29. Kh2 h5 30. h4 Bf6 31. Nf3 Kg7 32. Qd1 Bg4 33. Qd2 Be6 34.
Qd1 Bg4 35. Qd2 Qf5 36. Ne1 Qe6 37. f3 Bf5 38. Bf1 Qc6 39. Bh3 Bxh3 40. Kxh3
Qe6+ 41. Kg2 Nd5 42. Kh2 Kh7 43. Ng2 Nc3 44. Nf4 Qe7 45. Kg2 Bg7 46. Nh3 Bh6
47. Ng5+ Kg8 48. f4 Bxg5 49. fxg5 Nd5 50. Qf2 Nb4 51. Kf1 Qe6 52. Kg2 Qd5+ 53.
Kg1 Qe6 54. Kg2 Qc6+ 55. Kg1 Qd5 56. Qe2 Qe6 57. Qxe6 fxe6 58. Na3 e5 59. Kf2
Kf7 60. Kf3 Ke6 61. g4 hxg4+ 62. Kxg4 Nd5 63. h5 Ne3+ 64. Kh4 Nf5+ 65. Kg4
gxh5+ 66. Kxh5 Kf7 67. Nc4 Kg7 68. Nxe5 Ne3 69. Nf3 Nxc2 70. g6 Ne3 71. Nxd4 c5
72. Ne6+ Kf6 73. g7 Kf7 74. Kh6 Ng4+ 75. Kg5 Ne5 76. Kh6 Ng4+ 77. Kg5 Ne5
1/2-1/2

[Event "Fortaleza Alves Memorial 19th"]
[Site "Fortaleza"]
[Date "2014.05.17"]
[Round "4"]
[White "Mekhitarian, Krikor Sevag"]
[Black "Andrade, Roberto Luiz Costa"]
[Result "1-0"]
[WhiteElo "2562"]
[BlackElo "2207"]
[PlyCount "107"]
[EventDate "2014.05.16"]
[EventType "swiss"]
[EventRounds "6"]
[EventCountry "BRA"]
[SourceTitle "CBM 160 Extra"]
[Source "ChessBase"]
[SourceDate "2014.07.01"]
[SourceVersion "1"]
[SourceVersionDate "2014.07.01"]
[SourceQuality "1"]

1. d4 d5 2. c4 c6 3. Nf3 Nf6 4. Nc3 dxc4 5. a4 Bf5 6. Nh4 Bc8 7. e3 e6 8. Bxc4
c5 9. O-O Be7 10. Nf3 O-O 11. Qe2 a6 12. Rd1 cxd4 13. exd4 Nc6 14. Ne5 Nb4 15.
a5 Nbd5 16. Rd3 Bd7 17. Rg3 Kh8 18. Rh3 Kg8 19. Bd3 g6 20. Bh6 Re8 21. Rf3 Bc6
22. Rg3 Bf8 23. Bg5 Bg7 24. Ne4 Qc7 25. Nxc6 Nxe4 26. Bxe4 Qxc6 27. Qd2 Rac8
28. h4 Qc4 29. Rd1 h5 30. Bh6 Qb4 31. Qxb4 Nxb4 32. Bxg7 Kxg7 33. Bxb7 Rb8 34.
Be4 Red8 35. Rb3 f5 36. Bf3 Nc2 37. Rb7+ Rxb7 38. Bxb7 Nxd4 39. Kf1 Rd6 40. b4
e5 41. Rc1 Kf6 42. Rc8 e4 43. Ra8 Nc2 44. Rxa6 Rxa6 45. Bxa6 Nxb4 46. Bb7 g5
47. hxg5+ Kxg5 48. a6 Nxa6 49. Bxa6 h4 50. Kg1 h3 51. g3 f4 52. Kh2 e3 53. fxe3
fxe3 54. Kxh3 1-0

[Event "Fortaleza Alves Memorial 19th"]
[Site "Fortaleza"]
[Date "2014.05.18"]
[Round "5"]
[White "Barreto, Ignacio CB"]
[Black "Mekhitarian, Krikor Sevag"]
[Result "0-1"]
[WhiteElo "2238"]
[BlackElo "2562"]
[PlyCount "62"]
[EventDate "2014.05.16"]
[EventType "swiss"]
[EventRounds "6"]
[EventCountry "BRA"]
[SourceTitle "CBM 160 Extra"]
[Source "ChessBase"]
[SourceDate "2014.07.01"]
[SourceVersion "1"]
[SourceVersionDate "2014.07.01"]
[SourceQuality "1"]

1. e4 c5 2. Nf3 d6 3. Nc3 a6 4. g3 Nc6 5. Bg2 Nf6 6. O-O e6 7. d3 Be7 8. h3 O-O
9. Be3 Qc7 10. g4 b5 11. g5 Nd7 12. Nh2 Bb7 13. f4 b4 14. Ne2 f5 15. exf5 exf5
16. c4 Rfe8 17. Bd5+ Kh8 18. Qd2 Bf8 19. g6 Nf6 20. Bf7 Re7 21. Ng3 Qd7 22. Nf3
Nd8 23. Ng5 Nxf7 24. Nxf7+ Kg8 25. gxh7+ Nxh7 26. Ng5 Rae8 27. Rae1 Nxg5 28.
fxg5 Qc6 29. Rxf5 Rxe3 30. Rxe3 Rxe3 31. Ne4 Rxe4 0-1

[Event "Fortaleza Alves Memorial 19th"]
[Site "Fortaleza"]
[Date "2014.05.18"]
[Round "6"]
[White "Mekhitarian, Krikor Sevag"]
[Black "Pereira, Silvio Cunha"]
[Result "1-0"]
[WhiteElo "2562"]
[BlackElo "2318"]
[PlyCount "81"]
[EventDate "2014.05.16"]
[EventType "swiss"]
[EventRounds "6"]
[EventCountry "BRA"]
[SourceTitle "CBM 160 Extra"]
[Source "ChessBase"]
[SourceDate "2014.07.01"]
[SourceVersion "1"]
[SourceVersionDate "2014.07.01"]
[SourceQuality "1"]

1. e4 e5 2. Nf3 Nc6 3. Bb5 a6 4. Ba4 Nf6 5. O-O Nxe4 6. d4 b5 7. Bb3 d5 8. dxe5
Be6 9. Nbd2 Bc5 10. Nxe4 dxe4 11. Ng5 Qxd1 12. Rxd1 O-O 13. Nxe6 fxe6 14. Bxe6+
Kh8 15. Be3 Bxe3 16. fxe3 Nxe5 17. Bd5 Rae8 18. h3 g5 19. Rf1 g4 20. Rxf8+ Rxf8
21. hxg4 Nxg4 22. Bxe4 Nxe3 23. Re1 Nc4 24. b3 Nd6 25. Bd3 Re8 26. Rxe8+ Nxe8
27. Kf2 c5 28. Ke3 Nf6 29. c4 bxc4 30. Bxc4 a5 31. Kf4 Kg7 32. Ke5 h5 33. Kd6
Ne4+ 34. Kc6 h4 35. Kb6 Nc3 36. a4 Nd1 37. Kxa5 Ne3 38. Kb5 Nxg2 39. a5 h3 40.
Bf1 Nf4 41. Bxh3 1-0

[Event "Maraba op 1st"]
[Site "Maraba"]
[Date "2014.05.30"]
[Round "1"]
[White "Mekhitarian, Krikor Sevag"]
[Black "Almeida, Carlos Bruno Gomes"]
[Result "1-0"]
[WhiteElo "2562"]
[BlackElo "1962"]
[PlyCount "33"]
[EventDate "2014.05.30"]
[EventType "swiss"]
[EventRounds "6"]
[EventCountry "BRA"]
[SourceTitle "CBM 160 Extra"]
[Source "ChessBase"]
[SourceDate "2014.07.01"]
[SourceVersion "1"]
[SourceVersionDate "2014.07.01"]
[SourceQuality "1"]

1. e4 e5 2. Nf3 Qe7 3. Nc3 c6 4. d4 d6 5. Be2 g6 6. O-O Bg7 7. dxe5 dxe5 8. b3
Nf6 9. a4 O-O 10. Ba3 c5 11. Bc4 Rd8 12. Bxc5 Qc7 13. Nb5 Qa5 14. b4 Rxd1 15.
Rfxd1 Bg4 16. bxa5 Nc6 17. Nd6 1-0

[Event "Maraba op 1st"]
[Site "Maraba"]
[Date "2014.05.30"]
[Round "2"]
[White "Do Nascimento, Pablo Salermo M"]
[Black "Mekhitarian, Krikor Sevag"]
[Result "0-1"]
[WhiteElo "2009"]
[BlackElo "2562"]
[PlyCount "50"]
[EventDate "2014.05.30"]
[EventType "swiss"]
[EventRounds "6"]
[EventCountry "BRA"]
[SourceTitle "CBM 160 Extra"]
[Source "ChessBase"]
[SourceDate "2014.07.01"]
[SourceVersion "1"]
[SourceVersionDate "2014.07.01"]
[SourceQuality "1"]

1. e4 c5 2. Nf3 d6 3. d4 cxd4 4. Nxd4 Nf6 5. Nc3 e6 6. Be2 Be7 7. O-O O-O 8.
Be3 Nc6 9. f4 Bd7 10. Kh1 a6 11. a4 Rc8 12. g4 Nxd4 13. Bxd4 Bc6 14. Bd3 Nd7
15. Be3 Bf6 16. g5 Bxc3 17. bxc3 d5 18. exd5 Bxd5+ 19. Kg1 Qa5 20. c4 Bc6 21.
Bd4 Rce8 22. Ra3 f5 23. Qa1 e5 24. fxe5 Nxe5 25. Bxf5 Nf3+ 0-1

[Event "Maraba op 1st"]
[Site "Maraba"]
[Date "2014.05.31"]
[Round "3"]
[White "Mekhitarian, Krikor Sevag"]
[Black "Veiga, Emerson de Sousa"]
[Result "1/2-1/2"]
[WhiteElo "2562"]
[BlackElo "2045"]
[PlyCount "110"]
[EventDate "2014.05.30"]
[EventType "swiss"]
[EventRounds "6"]
[EventCountry "BRA"]
[SourceTitle "CBM 160 Extra"]
[Source "ChessBase"]
[SourceDate "2014.07.01"]
[SourceVersion "1"]
[SourceVersionDate "2014.07.01"]
[SourceQuality "1"]

1. d4 Nf6 2. c4 e6 3. Nf3 b6 4. g3 Ba6 5. Qb3 Bb7 6. Bg2 c5 7. d5 exd5 8. Nh4
g6 9. cxd5 d6 10. O-O Bg7 11. Qe3+ Qe7 12. Qxe7+ Kxe7 13. Nc3 Nbd7 14. e4 Ng4
15. Bg5+ Bf6 16. Bxf6+ Kxf6 17. h3 Nge5 18. f4 Nc4 19. Rf2 a6 20. b3 Na3 21.
e5+ Kg7 22. Ne4 Bxd5 23. Nxd6 Bxg2 24. Kxg2 Rhd8 25. Rd1 Nf8 26. f5 Nb5 27.
fxg6 Nxd6 28. Rxd6 hxg6 29. Rxb6 Nd7 30. Rxf7+ Kxf7 31. e6+ Kg7 32. exd7 Rxd7
33. Nxg6 Rd2+ 34. Kf3 Rxa2 35. Nf4 c4 36. bxc4 a5 37. g4 Rc2 38. g5 a4 39. Rb7+
Kg8 40. Nd5 Ra6 41. Nf6+ Rxf6+ 42. gxf6 Rxc4 43. Rg7+ Kf8 44. Ra7 Rc6 45. Kg4
Rxf6 46. h4 Rf7 47. Rxa4 Kg7 48. Ra5 Rf1 49. Kg5 Rg1+ 50. Kh5 Kh7 51. Rg5 Rxg5+
52. hxg5 Kg7 53. g6 Kg8 54. Kg5 Kg7 55. Kf5 Kg8 1/2-1/2

[Event "Maraba op 1st"]
[Site "Maraba"]
[Date "2014.06.01"]
[Round "5"]
[White "Mekhitarian, Krikor Sevag"]
[Black "Rodi, Luis Ernesto"]
[Result "1/2-1/2"]
[WhiteElo "2562"]
[BlackElo "2365"]
[PlyCount "57"]
[EventDate "2014.05.30"]
[EventType "swiss"]
[EventRounds "6"]
[EventCountry "BRA"]
[SourceTitle "CBM 160 Extra"]
[Source "ChessBase"]
[SourceDate "2014.07.01"]
[SourceVersion "1"]
[SourceVersionDate "2014.07.01"]
[SourceQuality "1"]

1. d4 d5 2. c4 e6 3. Nf3 Nf6 4. g3 dxc4 5. Bg2 Nc6 6. O-O Rb8 7. e3 Nd5 8. Qe2
b5 9. e4 Nb6 10. Rd1 Nb4 11. Ne1 Be7 12. Nc3 Bd7 13. a3 Na6 14. Qg4 Kf8 15. Qh5
Qe8 16. Bf4 f6 17. Qe2 g5 18. Be3 c5 19. d5 exd5 20. e5 fxe5 21. f4 Kg7 22. Nc2
Rf8 23. Kh1 Rc8 24. Qf2 Qg6 25. Bc1 Nc7 26. Ne3 Na4 27. Nxa4 bxa4 28. Nf5+ Kh8
29. Be3 1/2-1/2

[Event "Maraba op 1st"]
[Site "Maraba"]
[Date "2014.06.01"]
[Round "6"]
[White "Reis, Renan do Carmo"]
[Black "Mekhitarian, Krikor Sevag"]
[Result "0-1"]
[WhiteElo "2242"]
[BlackElo "2562"]
[PlyCount "54"]
[EventDate "2014.05.30"]
[EventType "swiss"]
[EventRounds "6"]
[EventCountry "BRA"]
[SourceTitle "CBM 160 Extra"]
[Source "ChessBase"]
[SourceDate "2014.07.01"]
[SourceVersion "1"]
[SourceVersionDate "2014.07.01"]
[SourceQuality "1"]

1. e4 c5 2. b3 b6 3. Bb2 Bb7 4. Nc3 e6 5. Nf3 Nc6 6. Qe2 Nd4 7. Nxd4 cxd4 8.
Nb5 e5 9. Qh5 d6 10. Nxd4 a6 11. Ne6 Qe7 12. Nxf8 Nf6 13. Qg5 Bxe4 14. d3 Bb7
15. Qxg7 Rxf8 16. O-O-O Rg8 17. Qh6 Bxg2 18. Bxg2 Rxg2 19. Qe3 Rc8 20. Qh3 Qb7
21. Qf5 Ng4 22. Rd2 Rxf2 23. Rxf2 Rxc2+ 24. Rxc2 Qxh1+ 25. Kd2 Qxh2+ 26. Ke1
Qxc2 27. Qxg4 Qxb2 0-1